[Event "7' Torneo Internazionale di Ancona"]
[Site "?"]
[Date "2022.09.04"]
[Round "5"]
[White "Cardarelli, Angelo"]
[Black "Borgiani, Flavio"]
[Result "1-0"]
[WhiteElo "1930"]
[BlackElo "2065"]
[PlyCount "83"]
[EventDate "2022.??.??"]
[SourceDate "2022.09.12"]

1. d4 Nf6 2. c4 d6 3. Nc3 Bf5 4. e3 Nbd7 5. Nge2 e5 6. Ng3 Bg6 7. h4 h6 8. h5
Bh7 9. Bd3 Bxd3 10. Qxd3 c6 11. Bd2 Qc7 12. Rc1 a6 13. a3 exd4 14. exd4 O-O-O
15. b4 Re8+ 16. Kf1 Nb6 17. Bf4 Qd7 18. a4 d5 19. c5 Nc4 20. b5 a5 21. Rb1 Qg4
22. Qf5+ Qxf5 23. Nxf5 g6 24. bxc6 bxc6 25. Rb8+ Kd7 26. Rb7+ Ke6 27. Ne3 Nxh5
28. Nxc4 dxc4 29. Rh3 Bxc5 30. Re3+ Kf5 31. Rxf7+ Kg4 32. f3+ Kh4 33. Rxe8 Rxe8
34. dxc5 g5 35. Bd2 Ng3+ 36. Kf2 Nh1+ 37. Kg1 Ng3 38. Rd7 h5 39. Rd4+ g4 40.
Rxc4 Nf5 41. Kf2 Ng3 42. Ne4 1-0